[Event "SUI-chT"]
[Site "Switzerland"]
[Date "2022.06.12"]
[Round "3.4"]
[White "Petkidis, Anthony"]
[Black "Bichsel, Walter"]
[Result "1-0"]
[WhiteElo "2435"]
[BlackElo "2244"]
[PlyCount "81"]
[EventDate "2022.05.01"]
[EventType "team-tourn"]
[EventRounds "9"]
[EventCountry "SUI"]
[SourceTitle "EXT 2023"]
[Source "ChessBase"]
[SourceDate "2022.10.05"]
[SourceVersion "1"]
[SourceVersionDate "2022.10.05"]
[SourceQuality "1"]
[WhiteTeam "Zuerich"]
[BlackTeam "Winterthur"]
[WhiteTeamCountry "SUI"]
[BlackTeamCountry "SUI"]

1. e4 c5 2. Nf3 Nc6 3. d4 cxd4 4. Nxd4 g6 5. c4 Bg7 6. Nc2 Nf6 7. Nc3 d6 8. Be2 0-0 9. 0-0 Nd7 10. Bd2 Nc5 11. b4 Ne6 12. Rc1 a5 13. a3 axb4 14. axb4 Ncd4 15. Nxd4 Nxd4 16. Be3 Nxe2+ 17. Qxe2 Be6 18. Rfd1 Qc8 19. Nd5 Bxd5 20. exd5 Qd7 21. c5 Rfc8 22. Qc4 dxc5 23. bxc5 Rd8 24. Qb3 Be5 25. Rb1 Bc7 26. Bh6 Qf5 27. g3 Rab8 28. Rbc1 Qh5 29. d6 exd6 30. Bf4 b5 31. cxd6 Bb6 32. Rd2 Rd7 33. Rc6 Qf5 34. Re2 Bd4 35. h4 Bf6 36. Rc7 Qg4 37. Qe3 Rbd8 38. Bh6 Qe6 39. Qd3 Qf5 40. Qxf5 gxf5 41. Rxd7 1-0

[Event "SUI-chT"]
[Site "Switzerland"]
[Date "2021.09.19"]
[Round "2.4"]
[White "Sokolov, Andrei"]
[Black "Bichsel, Walter"]
[Result "1/2-1/2"]
[WhiteElo "2488"]
[BlackElo "2254"]
[PlyCount "41"]
[EventDate "2021.08.29"]
[EventType "team-tourn"]
[EventRounds "9"]
[EventCountry "SUI"]
[SourceTitle "EXT 2022"]
[Source "ChessBase"]
[SourceDate "2021.10.06"]
[SourceVersion "1"]
[SourceVersionDate "2021.10.06"]
[SourceQuality "1"]
[WhiteTeam "Geneve"]
[BlackTeam "Winterthur"]
[WhiteTeamCountry "SUI"]
[BlackTeamCountry "SUI"]

1. e4 c5 2. Nf3 Nc6 3. d4 cxd4 4. Nxd4 g6 5. c4 Bg7 6. Be3 Nf6 7. Nc3 0-0 8. Be2 d6 9. 0-0 Bd7 10. Qd2 Nxd4 11. Bxd4 Bc6 12. Bd3 a5 13. Rad1 a4 14. b4 axb3 15. axb3 Qa5 16. Rfe1 Rfc8 17. Qb2 Qa3 18. Qb1 Qb4 19. Qb2 Qa3 20. Qb1 Qb4 21. Qb2 1/2-1/2

[Event "Bad Zwesten op 8th"]
[Site "Bad Zwesten"]
[Date "2004.01.03"]
[Round "2"]
[White "Bichsel, Walter"]
[Black "Hupe, Henning"]
[Result "1-0"]
[WhiteElo "2334"]
[BlackElo "2101"]
[PlyCount "69"]
[EventDate "2004.01.??"]
[EventType "swiss"]
[EventRounds "9"]
[EventCountry "GER"]
[SourceTitle "CBM 098 Extra"]
[Source "ChessBase"]
[SourceDate "2004.03.10"]
[SourceVersion "2"]
[SourceVersionDate "2004.03.10"]
[SourceQuality "1"]

1. e4 e6 2. d4 d5 3. Nc3 Nf6 4. Bg5 Be7 5. Bxf6 Bxf6 6. Nf3 c6 7. e5 Be7 8. Bd3 b6 9. Qe2 Bb7 10. 0-0 Nd7 11. Nd1 0-0 12. Ne3 c5 13. c3 cxd4 14. cxd4 a6 15. Rad1 Re8 16. Nd2 f5 17. f4 g6 18. g4 Nf8 19. Rf3 Qd7 20. Rg3 Kh8 21. Nf3 Bd8 22. Kh1 Qf7 23. Rdg1 Bc8 24. h4 Nd7 25. Qg2 Nf8 26. h5 Ra7 27. Rh3 fxg4 28. Qxg4 gxh5 29. Rxh5 Qg7 30. Ng5 Bxg5 31. Rxg5 Qh6+ 32. Rh5 Qg7 33. Qh3 Qf7 34. Rhg5 Rc7 35. Qh6 1-0

[Event "Bad Zwesten op 8th"]
[Site "Bad Zwesten"]
[Date "2004.01.02"]
[Round "1"]
[White "Knickel, Aaron"]
[Black "Bichsel, Walter"]
[Result "0-1"]
[WhiteElo "1894"]
[BlackElo "2334"]
[PlyCount "62"]
[EventDate "2004.01.??"]
[EventType "swiss"]
[EventRounds "9"]
[EventCountry "GER"]
[SourceTitle "CBM 098 Extra"]
[Source "ChessBase"]
[SourceDate "2004.03.10"]
[SourceVersion "2"]
[SourceVersionDate "2004.03.10"]
[SourceQuality "1"]

1. e4 c5 2. Nf3 Nc6 3. d4 cxd4 4. Nxd4 g6 5. Nc3 Bg7 6. Be3 Nf6 7. Be2 0-0 8. 0-0 d6 9. Nb3 a6 10. a4 Be6 11. f4 Na5 12. Nxa5 Qxa5 13. g4 Rac8 14. f5 Bc4 15. g5 Nd7 16. Bxc4 Rxc4 17. f6 exf6 18. Qxd6 Rd8 19. Qf4 f5 20. Qf2 Bxc3 21. bxc3 Rxe4 22. Bd4 Rde8 23. Rfe1 Qd5 24. Rxe4 Qxe4 25. Rb1 Ne5 26. Bxe5 Rxe5 27. h3 f4 28. Rb4 Rxg5+ 29. Kh2 Qe5 30. Kh1 Qxc3 31. Rxf4 Qxh3+ 0-1

[Event "SUI-chT"]
[Site "Switzerland"]
[Date "2001.03.25"]
[Round "2.6"]
[White "Sutter, Oliver"]
[Black "Bichsel, Walter"]
[Result "0-1"]
[WhiteElo "2321"]
[BlackElo "2360"]
[PlyCount "150"]
[EventDate "2001.03.04"]
[EventType "team-tourn"]
[EventRounds "9"]
[EventCountry "SUI"]
[SourceTitle "EXT 2002"]
[Source "ChessBase"]
[SourceDate "2001.11.25"]
[SourceVersion "1"]
[SourceVersionDate "2001.11.25"]
[SourceQuality "1"]
[WhiteTeam "Bern"]
[BlackTeam "Winterthur"]
[WhiteTeamCountry "SUI"]
[BlackTeamCountry "SUI"]

1. d4 Nf6 2. c4 g6 3. Nc3 d5 4. Nf3 Bg7 5. Qb3 c6 6. cxd5 cxd5 7. Bg5 e6 8. e3 0-0 9. Ne5 Qa5 10. Bd3 Nc6 11. f4 Re8 12. 0-0 Nd7 13. Qd1 f6 14. Nxg6 hxg6 15. Bxg6 Re7 16. Qh5 Nf8 17. Bc2 Rf7 18. Bh4 f5 19. h3 Bf6 20. Bxf6 Rxf6 21. g4 Qc7 22. gxf5 Qf7 23. Qxf7+ Kxf7 24. fxe6+ Kxe6 25. Bb3 Kd6 26. Nb5+ Ke7 27. Nc7 Rg6+ 28. Kh2 Rb8 29. Nxd5+ Kd6 30. Nc3 Rh6 31. Ne4+ Ke7 32. f5 Nh7 33. Rf4 Bd7 34. Rg1 Rh8 35. Rg7+ Kd8 36. h4 Bxf5 37. Rxf5 Rxh4+ 38. Kg3 Rxe4 39. Rff7 Rxe3+ 40. Kf4 Re7 41. d5 Rxf7+ 42. Rxf7 Na5 43. Ke5 Ng5 44. Rg7 Nf3+ 45. Kf4 Rf8+ 46. Ke3 Ne5 47. Kd4 Nxb3+ 48. Kxe5 Nc5 49. Kd6 Ne4+ 50. Ke5 Re8+ 51. Kd4 Nd6 52. Kc5 Re7 53. Rg6 Kc7 54. b3 b6+ 55. Kd4 a5 56. Rg1 Re4+ 57. Kd3 Rf4 58. Re1 Kb7 59. Re6 Nf5 60. Rf6 Rd4+ 61. Kc3 Rxd5 62. b4 axb4+ 63. Kxb4 Ka6 64. Rf8 Ne7 65. Rf6 Rd4+ 66. Kb3 Ka5 67. Rf7 Nc6 68. Rc7 Rd3+ 69. Kb2 Ne5 70. Kc2 Rh3 71. Re7 Nc4 72. Re4 Kb4 73. Rf4 b5 74. Rg4 Ka3 75. Rg5 Kxa2 0-1

[Event "SUI-chT"]
[Site "Switzerland"]
[Date "1999.??.??"]
[Round "6.3"]
[White "Huss, Andreas"]
[Black "Bichsel, Walter"]
[Result "0-1"]
[WhiteElo "2380"]
[BlackElo "2326"]
[PlyCount "80"]
[EventDate "1999.01.??"]
[EventType "team-tourn"]
[EventRounds "9"]
[EventCountry "SUI"]
[SourceTitle "EXT 2001"]
[Source "ChessBase"]
[SourceDate "2000.11.22"]
[SourceVersion "1"]
[SourceVersionDate "2000.11.22"]
[SourceQuality "1"]

1. d4 Nf6 2. Nf3 g6 3. c4 Bg7 4. Nc3 d5 5. cxd5 Nxd5 6. e4 Nxc3 7. bxc3 0-0 8. Be3 c5 9. Qd2 Qa5 10. Rb1 cxd4 11. cxd4 Qxd2+ 12. Kxd2 e6 13. Bd3 Nc6 14. Rhc1 Rd8 15. Rc4 h6 16. Ra4 Rb8 17. Ke2 g5 18. h3 Bd7 19. Ra3 Bc8 20. e5 Bf8 21. Rc3 Nb4 22. Be4 b6 23. a3 Nd5 24. Bxd5 Rxd5 25. g4 Ra5 26. Bc1 Ba6+ 27. Ke3 Rc8 28. Rxc8 Bxc8 29. Ra1 Bb7 30. Nd2 Bd5 31. Bb2 b5 32. Ne4 Bxe4 33. Kxe4 Ra4 34. Kd3 a5 35. Kc2 Be7 36. Kb3 f6 37. exf6 Bxf6 38. Rd1 Rc4 39. d5 a4+ 40. Ka2 Rc2 0-1

[Event "SUI-chT"]
[Site "Switzerland"]
[Date "1998.11.08"]
[Round "9.6"]
[White "Bichsel, Walter"]
[Black "Salvetti, Alec"]
[Result "1-0"]
[WhiteElo "2310"]
[BlackElo "2315"]
[PlyCount "75"]
[EventDate "1998.03.29"]
[EventType "team-tourn"]
[EventRounds "9"]
[EventCountry "SUI"]
[SourceTitle "EXT 2006"]
[Source "ChessBase"]
[SourceDate "2005.11.24"]
[SourceVersion "1"]
[SourceVersionDate "2005.11.24"]
[SourceQuality "1"]

1. e4 c5 2. Nf3 e6 3. Nc3 a6 4. a4 Nc6 5. g3 Nf6 6. Bg2 Be7 7. 0-0 d6 8. d4 cxd4 9. Nxd4 Bd7 10. h3 Qc7 11. Nde2 0-0 12. g4 h6 13. Ng3 Nb4 14. f4 Nh7 15. Be3 b5 16. axb5 axb5 17. Qd2 Nxc2 18. Qxc2 b4 19. Qd2 bxc3 20. bxc3 Bb5 21. Rfb1 Rxa1 22. Rxa1 Bf6 23. Bd4 e5 24. fxe5 dxe5 25. Bf2 Re8 26. Ra3 Bh4 27. Nf5 Rd8 28. Qb2 Bxf2+ 29. Qxf2 Ng5 30. h4 Ne6 31. Ra7 Qc5 32. Qxc5 Nxc5 33. Ra5 Rd1+ 34. Kh2 Rb1 35. Nd6 Bf1 36. Bxf1 Nxe4 37. Ra8+ Kh7 38. Bd3 1-0

[Event "SUI-chT"]
[Site "Switzerland"]
[Date "1995.??.??"]
[Round "8"]
[White "Bichsel, Walter"]
[Black "Lematschko, Tatjana"]
[Result "1/2-1/2"]
[WhiteElo "2305"]
[BlackElo "2310"]
[PlyCount "170"]
[EventDate "1995.??.??"]
[EventType "team-tourn"]
[EventRounds "9"]
[EventCountry "SUI"]
[SourceTitle "CBM 049 Extra"]
[Source "ChessBase"]
[SourceDate "1996.01.01"]
[SourceVersion "1"]
[SourceVersionDate "1996.01.01"]
[SourceQuality "1"]

1. e4 e5 2. Nf3 Nc6 3. Bb5 a6 4. Ba4 Nf6 5. 0-0 Be7 6. Bxc6 dxc6 7. d3 Nd7 8. Nbd2 0-0 9. Nc4 f6 10. Nh4 Nc5 11. Ne3 g6 12. Nf3 Re8 13. b3 Be6 14. Ba3 a5 15. Bxc5 Bxc5 16. c3 Qe7 17. Qe2 Red8 18. h3 a4 19. b4 Bd6 20. Rfd1 c5 21. bxc5 Bxc5 22. d4 Bd6 23. Nc4 exd4 24. cxd4 Bf4 25. Rab1 Rdb8 26. d5 Bd7 27. g3 Bd6 28. Nxd6 Qxd6 29. Kg2 b5 30. Nd4 Ra5 31. Rdc1 Rb6 32. Qc2 Ra7 33. Nc6 Bxc6 34. dxc6 Qe6 35. Qd3 Rxc6 36. Rxc6 Qxc6 37. Rxb5 Ra8 38. Rd5 Re8 39. Qd4 Qc2 40. Qxf6 Qxe4+ 41. Qf3 Qe6 42. Rc5 Qxa2 43. Rxc7 Rf8 44. Qe3 Qd5+ 45. Kg1 Qd1+ 46. Kh2 Qd5 47. Ra7 Ra8 48. Rxa4 Rf8 49. Ra7 Qf3 50. Qe6+ Kh8 51. Ra2 Qf6 52. Qc4 Qb6 53. Qe2 Qf6 54. Kg1 Qf5 55. h4 Qf3 56. Qb2+ Qf6 57. Qb4 Kg8 58. Re2 Qa1+ 59. Re1 Qa2 60. Qd4 Qf7 61. Re5 Qf6 62. Qc5 Rf7 63. h5 Kg7 64. Qe3 gxh5 65. Re6 Qa1+ 66. Kh2 Rf8 67. Re7+ Kh8 68. Re4 Qg7 69. Qc5 Kg8 70. Rh4 Qb2 71. Qc4+ Kg7 72. Rf4 Rxf4 73. Qxf4 Qe2 74. Kh3 Kg6 75. Qd6+ Kg7 76. Qd4+ Kg6 77. Qe3 Qf1+ 78. Kh2 Qd1 79. Qe6+ Kg7 80. f4 Qf3 81. f5 h4 82. Qe7+ Kg8 83. Qg5+ Kf7 84. gxh4 Qf2+ 85. Kh3 Qf3+ 1/2-1/2

[Event "SUI-chT"]
[Site "Switzerland"]
[Date "1995.??.??"]
[Round "6"]
[White "Vogt, Lothar"]
[Black "Bichsel, Walter"]
[Result "1-0"]
[WhiteElo "2475"]
[BlackElo "2305"]
[PlyCount "91"]
[EventDate "1995.??.??"]
[EventType "team-tourn"]
[EventRounds "9"]
[EventCountry "SUI"]
[SourceTitle "CBM 049 Extra"]
[Source "ChessBase"]
[SourceDate "1996.01.01"]
[SourceVersion "1"]
[SourceVersionDate "1996.01.01"]
[SourceQuality "1"]

1. e4 c5 2. c3 d5 3. exd5 Qxd5 4. d4 Nf6 5. Nf3 Bg4 6. Qa4+ Bd7 7. Qb3 Qxb3 8. axb3 e6 9. Na3 Nc6 10. Nb5 Rc8 11. dxc5 Bxc5 12. b4 Be7 13. Bf4 e5 14. Nxe5 Nd5 15. Nxc6 Rxc6 16. Bg3 0-0 17. Be2 Rb8 18. Na3 Re6 19. Kf1 a6 20. Bc4 Bc6 21. b5 axb5 22. Nxb5 Bf6 23. Nc7 Nxc7 24. Bxc7 Rbe8 25. Bd6 Ra8 26. Ba3 b5 27. Be2 Rd8 28. Bf3 Bxf3 29. gxf3 Rd2 30. Kg2 Bh4 31. Rhf1 Re8 32. Rad1 Ree2 33. Rxd2 Rxd2 34. f4 f5 35. Kf3 Kf7 36. Ke3 Rd7 37. Bc5 Be7 38. Bd4 g6 39. Ra1 Bf6 40. Be5 Bd8 41. Ra6 Rb7 42. Kd4 b4 43. c4 Bh4 44. c5 Rd7+ 45. Kc4 Bxf2 46. c6 1-0

[Event "SUI-chT"]
[Site "Switzerland"]
[Date "1994.??.??"]
[Round "2"]
[White "Reust, Josef"]
[Black "Bichsel, Walter"]
[Result "0-1"]
[WhiteElo "2130"]
[BlackElo "2325"]
[PlyCount "70"]
[EventDate "1994.??.??"]
[EventType "team-tourn"]
[EventRounds "9"]
[EventCountry "SUI"]
[SourceTitle "EXT 2000"]
[Source "ChessBase"]
[SourceDate "1999.11.16"]
[SourceVersion "1"]
[SourceVersionDate "1999.11.16"]
[SourceQuality "1"]

1. Nf3 Nf6 2. g3 g6 3. Bg2 Bg7 4. 0-0 0-0 5. c4 c6 6. d3 d5 7. Nbd2 a5 8. Rb1 Nbd7 9. b3 Re8 10. Bb2 e5 11. cxd5 Nxd5 12. Nc4 Qc7 13. e4 N5b6 14. Ne3 Nf8 15. Qc2 Ne6 16. Qd2 Nd7 17. Rbc1 b6 18. d4 exd4 19. Nxd4 Nxd4 20. Bxd4 Bxd4 21. Qxd4 Nc5 22. Rfd1 Ba6 23. Ng4 Red8 24. Nh6+ Kf8 25. Qh8+ Ke7 26. Qxh7 Rf8 27. e5 Ne6 28. Bxc6 Rac8 29. Rd6 Bb7 30. Rxe6+ Kxe6 31. Qg7 Qe7 32. Qf6+ Qxf6 33. exf6 Kxf6 34. Ng4+ Kg7 35. Ne5 Rfe8 0-1

[Event "SUI-chT"]
[Site "Switzerland"]
[Date "1993.??.??"]
[Round "?"]
[White "Bichsel, Walter"]
[Black "Kamber, Bruno"]
[Result "0-1"]
[WhiteElo "2305"]
[BlackElo "2340"]
[PlyCount "74"]
[EventDate "1993.??.??"]
[EventType "team-tourn"]
[EventRounds "9"]
[EventCountry "SUI"]
[SourceTitle "TD"]
[Source "ChessBase"]
[SourceDate "1994.03.01"]
[SourceVersion "1"]
[SourceVersionDate "1994.03.01"]
[SourceQuality "1"]

1. e4 c5 2. Nf3 d6 3. c3 Nf6 4. Bc4 a6 5. d3 Nc6 6. a4 Bg4 7. Nbd2 e6 8. Bb3 d5 9. 0-0 Be7 10. h3 Bh5 11. Qe2 0-0 12. g4 Bg6 13. Nh4 b5 14. Nxg6 hxg6 15. Nf3 c4 16. dxc4 Na5 17. Bc2 Nxc4 18. e5 Nd7 19. axb5 axb5 20. Rxa8 Qxa8 21. b3 Ncb6 22. Qxb5 Rc8 23. Bd2 d4 24. Nxd4 Bc5 25. Bd1 Nxe5 26. Bf4 Qe4 27. Bxe5 Qxe5 28. Qd3 Nd5 29. b4 Nxb4 30. cxb4 Bxb4 31. Kg2 Rc3 32. Qe2 Qf4 33. Re1 e5 34. g5 e4 35. Bc2 e3 36. Rd1 exf2 37. Rd3 f1Q+ 0-1

[Event "SUI-chT"]
[Site "Switzerland"]
[Date "1988.??.??"]
[Round "?"]
[White "Bichsel, Walter"]
[Black "Weindl, Alfred"]
[Result "1/2-1/2"]
[WhiteElo "2315"]
[BlackElo "2380"]
[PlyCount "62"]
[EventDate "1988.??.??"]
[EventType "team-tourn"]
[EventRounds "9"]
[EventCountry "SUI"]
[SourceTitle "EXT 2002"]
[Source "ChessBase"]
[SourceDate "2001.11.25"]
[SourceVersion "1"]
[SourceVersionDate "2001.11.25"]
[SourceQuality "1"]

1. e4 c5 2. Nf3 Nc6 3. Bb5 g6 4. c3 Bg7 5. d4 cxd4 6. cxd4 Qb6 7. a4 Nxd4 8. Nc3 Nxb5 9. axb5 Bxc3+ 10. bxc3 Qxb5 11. Qd4 f6 12. c4 Qc6 13. 0-0 b6 14. Re1 d6 15. e5 dxe5 16. Nxe5 fxe5 17. Qxe5 Bb7 18. f3 Qf6 19. Bb2 Qxe5 20. Bxe5 Nf6 21. Bxf6 0-0 22. Rxe7 Rxf6 23. Rxb7 a5 24. Rd1 Raf8 25. Rdd7 R8f7 26. Rxf7 Rxf7 27. Rxb6 Rc7 28. Ra6 Rxc4 29. Rxa5 Rc7 30. h4 Kg7 31. Kh2 h5 1/2-1/2

[Event "SUI-ch"]
[Site "Switzerland"]
[Date "1988.??.??"]
[Round "?"]
[White "Trepp, Markus"]
[Black "Bichsel, Walter"]
[Result "1/2-1/2"]
[WhiteElo "2385"]
[BlackElo "2315"]
[PlyCount "50"]
[EventDate "1988.??.??"]
[EventType "tourn"]
[EventRounds "11"]
[EventCountry "SUI"]
[EventCategory "5"]
[SourceTitle "CBM 010"]
[Source "ChessBase"]
[SourceDate "1989.06.01"]
[SourceVersion "1"]
[SourceVersionDate "1989.06.01"]
[SourceQuality "1"]

1. e4 c5 2. Nf3 d6 3. d4 cxd4 4. Nxd4 Nf6 5. Nc3 g6 6. Be3 Bg7 7. Be2 Nc6 8. 0-0 0-0 9. Qd2 Ng4 10. Bxg4 Bxg4 11. Nd5 Bd7 12. c4 Nxd4 13. Bxd4 Bc6 14. Bxg7 Kxg7 15. Rad1 Qd7 16. Rfe1 Rfe8 17. Re3 Bxd5 18. exd5 b6 19. b3 Rad8 20. h4 h5 21. Rde1 e5 22. dxe6 Rxe6 23. Qd4+ Kh7 24. Rxe6 fxe6 25. f4 Qf7 1/2-1/2

[Event "Biel-14 GM"]
[Site "Biel"]
[Date "1981.07.??"]
[Round "?"]
[White "Bichsel, Walter"]
[Black "Lobron, Eric"]
[Result "1/2-1/2"]
[WhiteElo "2320"]
[BlackElo "2405"]
[PlyCount "130"]
[EventDate "1981.07.24"]
[EventType "tourn"]
[EventRounds "13"]
[EventCountry "SUI"]
[EventCategory "7"]
[SourceTitle "MCD"]
[Source "ChessBase"]
[SourceDate "1999.07.01"]
[SourceVersion "1"]
[SourceVersionDate "1999.07.01"]
[SourceQuality "1"]

1. e4 c6 2. d4 d5 3. Nd2 dxe4 4. Nxe4 Bf5 5. Ng3 Bg6 6. Bc4 Nd7 7. N1e2 e6 8. 0-0 Bd6 9. Bf4 Nb6 10. Bb3 Ne7 11. Be5 Bxe5 12. dxe5 c5 13. c3 Qxd1 14. Bxd1 Nc6 15. Nf4 Nxe5 16. Nxg6 hxg6 17. Ne4 Nbd7 18. Ba4 Ke7 19. f4 Nc6 20. Rad1 Rhd8 21. Bxc6 bxc6 22. c4 f5 23. Ng5 e5 24. fxe5 Nxe5 25. Rde1 Kd6 26. Re2 Rd7 27. b3 Rh8 28. Rd1+ Kc7 29. Rxd7+ Nxd7 30. Re7 Rg8 31. Nf7 a5 32. Ne5 Kd6 33. Nxg6 Nf6 34. h3 a4 35. bxa4 Ra8 36. Rxg7 Rxa4 37. Rf7 Ke6 38. Re7+ Kd6 39. Re5 Rxc4 40. Rxf5 Nd5 41. h4 Rg4 42. h5 c4 43. Ne5 Re4 44. h6 c3 45. h7 Rh4 46. Nf7+ Kc5 47. h8Q Rxh8 48. Nxh8 c2 49. Rf1 Nc3 50. Ng6 Ne2+ 51. Kf2 c1Q 52. Rxc1+ Nxc1 53. a3 Nd3+ 54. Ke3 Ne1 55. g4 Nc2+ 56. Ke4 Nxa3 57. Ke5 Nc4+ 58. Ke6 Kd4 59. g5 Ke4 60. Kf6 Ne3 61. Ne7 Ng4+ 62. Ke6 Ne5 63. Nxc6 Nxc6 64. g6 Nd4+ 65. Kf6 Nf5 1/2-1/2

[Event "Biel-14 GM"]
[Site "Biel"]
[Date "1981.07.??"]
[Round "?"]
[White "Franzoni, Giancarlo"]
[Black "Bichsel, Walter"]
[Result "1-0"]
[WhiteElo "2255"]
[BlackElo "2320"]
[PlyCount "93"]
[EventDate "1981.07.24"]
[EventType "tourn"]
[EventRounds "13"]
[EventCountry "SUI"]
[EventCategory "7"]
[SourceTitle "MCD"]
[Source "ChessBase"]
[SourceDate "1999.07.01"]
[SourceVersion "1"]
[SourceVersionDate "1999.07.01"]
[SourceQuality "1"]

1. Nf3 Nf6 2. g3 g6 3. Bg2 Bg7 4. 0-0 0-0 5. d3 d5 6. Nbd2 c5 7. e4 Nc6 8. Re1 Be6 9. Ng5 Bg4 10. f3 Bc8 11. c3 h6 12. Nh3 dxe4 13. dxe4 Bxh3 14. Bxh3 Ne5 15. Bf1 Nd3 16. Bxd3 Qxd3 17. Nf1 Rfd8 18. Qxd3 Rxd3 19. Be3 b6 20. Red1 Rad8 21. Rxd3 Rxd3 22. Kf2 Kf8 23. Ke2 Rd8 24. a4 Rb8 25. Nd2 Nd7 26. f4 Ke8 27. g4 e6 28. h4 Nf6 29. g5 hxg5 30. hxg5 Nd7 31. Rh1 Ke7 32. Rh7 Kf8 33. Rh1 f6 34. gxf6 Nxf6 35. Kf3 Nd7 36. Nc4 Kf7 37. Nd6+ Ke7 38. e5 a6 39. Rg1 Rh8 40. Ke4 Rh4 41. Bf2 Rh5 42. Nc8+ Kd8 43. Rxg6 Bf8 44. Nd6 Rh2 45. Kf3 Bxd6 46. exd6 Nf8 47. Rg8 1-0